000 00748nam a2200253Ia 4500
003 OSt
005 20220918171936.0
006 a|||||r|||| 00| 0
007 ta
008 220917b |||||||| |||| 00| 0 eng d
020 _a9788189833817 (hbk)
_c395
024 _a239,711
037 _b06, 24/09/2009, P. K. Books
_cTextual
040 _aARTS
_cARTS
_beng
041 _2eng
_aeng
082 _aV2y7J42, P9
100 _aAhmad Bashir
_939476
245 0 _aAkbar the great mughul
_b His new policy and his new religion
260 _aDelhi
_bAakar books India
_c2009
300 _a192p.
_ccm.
650 _aHISTORY
942 _hV2y7J42, P9
_cTEXL
_2CC
999 _c141975
_d141975